[Event "Iasi Sadoveanu Memorial"]
[Site "Iasi"]
[Date "2023.08.06"]
[Round "9"]
[White "Varaciuc, Vivian Nicolae"]
[Black "Didiliuc, Dariana Gabriela"]
[Result "1-0"]
[WhiteElo "2092"]
[BlackElo "1876"]
[PlyCount "79"]
[EventDate "2023.08.01"]
[EventType "swiss"]
[EventRounds "9"]
[EventCountry "ROU"]
[SourceTitle "CBM 215 Extra"]
[Source "ChessBase"]
[SourceDate "2023.09.30"]
[SourceVersion "1"]
[SourceVersionDate "2023.09.30"]
[SourceQuality "1"]

1. b3 d5 2. Bb2 c5 3. e3 Nc6 4. Nf3 e6 5. Bb5 Nf6 6. 0-0 Bd6 7. d4 0-0 8. Ne5 Qc7 9. f4 Ne7 10. Nd2 Nf5 11. Rf3 Bxe5 12. fxe5 Ng4 13. Nf1 c4 14. Rh3 Ngh6 15. bxc4 dxc4 16. e4 Ne7 17. Ba3 Rd8 18. Bd6 Rxd6 19. exd6 Qxd6 20. Bxc4 Qc6 21. Bd3 e5 22. Rg3 exd4 23. Qh5 Ng6 24. Nd2 Bd7 25. Nf3 Re8 26. Rf1 Kh8 27. Kh1 Nf4 28. Qg5 Ne6 29. Qh4 Qc5 30. Ng5 Nxg5 31. Rxg5 Qb6 32. Rh5 a6 33. e5 Qe6 34. Qe4 f5 35. Qxd4 Qg6 36. Rxh6 Qxh6 37. Qxd7 Rf8 38. e6 Qg6 39. e7 Re8 40. Rxf5 1-0

[Event "Iasi Sadoveanu Memorial"]
[Site "Iasi"]
[Date "2023.08.04"]
[Round "7"]
[White "Vajda, Iulia Alexandra"]
[Black "Varaciuc, Vivian Nicolae"]
[Result "0-1"]
[WhiteElo "1309"]
[BlackElo "2092"]
[PlyCount "112"]
[EventDate "2023.08.01"]
[EventType "swiss"]
[EventRounds "9"]
[EventCountry "ROU"]
[SourceTitle "CBM 215 Extra"]
[Source "ChessBase"]
[SourceDate "2023.09.30"]
[SourceVersion "1"]
[SourceVersionDate "2023.09.30"]
[SourceQuality "1"]

1. Nf3 d5 2. g3 g6 3. Bg2 Bg7 4. d4 Nf6 5. 0-0 0-0 6. c4 c6 7. cxd5 cxd5 8. Nc3 Nc6 9. Bf4 Nh5 10. Bc1 e6 11. e3 f5 12. b3 h6 13. Ba3 Rf7 14. Rc1 Bd7 15. Bd6 Be8 16. Ba3 g5 17. h3 Nf6 18. Qd3 Ne4 19. Nd2 Qa5 20. Bb2 Nb4 21. Qe2 Nxa2 22. Ndxe4 Nxc1 23. Rxc1 fxe4 24. Qg4 Qb6 25. Rb1 h5 26. Qxg5 Rf5 27. Qe7 Bf8 28. Qh4 Qxb3 29. Ba1 Qa3 30. g4 Be7 31. Qg3 Bd6 32. Qh4 hxg4 33. Qxg4+ Kf8 34. Qh4 b5 35. Nxe4 dxe4 36. Bxe4 Rc8 37. Qh6+ Ke7 38. Bb2 Qb4 39. Bxf5 exf5 40. Qg5+ Kd7 41. Qxf5+ Kd8 42. Qg5+ Be7 43. Qd5+ Qd6 44. Qxd6+ Bxd6 45. e4 Bg6 46. Re1 Rc2 47. Bc1 Bb4 48. Bg5+ Ke8 49. Rb1 a5 50. d5 Bxe4 51. Rd1 a4 52. d6 Kd7 53. h4 a3 54. h5 Bc5 55. Bh4 a2 56. h6 b4 0-1

[Event "Iasi Sadoveanu Memorial"]
[Site "Iasi"]
[Date "2023.08.04"]
[Round "6"]
[White "Varaciuc, Vivian Nicolae"]
[Black "Panait, Razvan Alexandru"]
[Result "1-0"]
[WhiteElo "2092"]
[BlackElo "1492"]
[PlyCount "65"]
[EventDate "2023.08.01"]
[EventType "swiss"]
[EventRounds "9"]
[EventCountry "ROU"]
[SourceTitle "CBM 215 Extra"]
[Source "ChessBase"]
[SourceDate "2023.09.30"]
[SourceVersion "1"]
[SourceVersionDate "2023.09.30"]
[SourceQuality "1"]

1. b3 e5 2. Bb2 Nc6 3. e3 d5 4. Bb5 Nge7 5. Bxe5 a6 6. Bxc6+ Nxc6 7. Bb2 Qg5 8. Qf3 Bd6 9. h4 Qg6 10. Na3 Bf5 11. d3 0-0-0 12. g3 Rhe8 13. h5 Qe6 14. Rh4 Ne5 15. Qg2 Bxd3 16. 0-0-0 Be4 17. f3 g5 18. hxg6 Bxg6 19. Rhd4 Bc5 20. Ra4 Bxe3+ 21. Kb1 Qf5 22. g4 Qg5 23. Nh3 Qh4 24. Nf4 Bxf4 25. Rxf4 h5 26. Rh1 Qg5 27. Rd4 hxg4 28. f4 Qe7 29. fxe5 Be4 30. Qxg4+ Kb8 31. Re1 f5 32. exf6 Bxc2+ 33. Nxc2 1-0

[Event "Iasi op"]
[Site "Iasi"]
[Date "2014.05.15"]
[Round "6"]
[White "Manolache, Marius"]
[Black "Varaciuc, Vivian Nicolae"]
[Result "1-0"]
[WhiteElo "2510"]
[BlackElo "2179"]
[PlyCount "67"]
[EventDate "2014.05.10"]
[EventType "swiss"]
[EventRounds "9"]
[EventCountry "ROU"]
[SourceTitle "CBM 160 Extra"]
[Source "ChessBase"]
[SourceDate "2014.07.01"]
[SourceVersion "1"]
[SourceVersionDate "2014.07.01"]
[SourceQuality "1"]

1. d4 e6 2. c4 Nf6 3. Nc3 c5 4. d5 exd5 5. cxd5 d6 6. Nf3 a6 7. a4 Be7 8. h3 0-0 9. e4 Re8 10. Bd3 Nbd7 11. 0-0 Rb8 12. Re1 Qc7 13. b3 Bf8 14. Bf1 g6 15. Bd2 Bg7 16. Rc1 Qb6 17. Bc4 Nh5 18. g4 Nhf6 19. Kg2 Qd8 20. Bg5 h6 21. Bh4 Qa5 22. Re3 h5 23. Nh2 hxg4 24. hxg4 Ne5 25. Be2 Ned7 26. Bg3 Bf8 27. g5 Nh7 28. Ng4 Ne5 29. Nh6+ Bxh6 30. gxh6 Qd8 31. f4 Nd7 32. Bf3 g5 33. Bh5 gxf4 34. Qg4+ 1-0

[Event "Iasi op"]
[Site "Iasi"]
[Date "2014.05.10"]
[Round "1"]
[White "Varaciuc, Vivian Nicolae"]
[Black "Porcoleanu, Doina Olga"]
[Result "1-0"]
[WhiteElo "2179"]
[BlackElo "1663"]
[PlyCount "77"]
[EventDate "2014.05.10"]
[EventType "swiss"]
[EventRounds "9"]
[EventCountry "ROU"]
[SourceTitle "CBM 160 Extra"]
[Source "ChessBase"]
[SourceDate "2014.07.01"]
[SourceVersion "1"]
[SourceVersionDate "2014.07.01"]
[SourceQuality "1"]

1. b3 d5 2. Bb2 Bf5 3. Nf3 e6 4. e3 a6 5. c4 c6 6. Nc3 Nf6 7. Be2 Be7 8. 0-0 0-0 9. d3 Nbd7 10. a3 a5 11. Re1 Qc7 12. Rc1 Rac8 13. cxd5 exd5 14. Nxd5 Nxd5 15. e4 Bxe4 16. dxe4 Nf4 17. Bc4 Nb6 18. Be5 Qd7 19. Qxd7 Nxd7 20. Bxf4 Bxa3 21. Rcd1 Rfd8 22. e5 Nb6 23. e6 Nxc4 24. exf7+ Kxf7 25. bxc4 Bb4 26. Rxd8 Rxd8 27. Ra1 Ra8 28. Kf1 Ke7 29. Ke2 Rc8 30. Bd2 c5 31. Bxb4 axb4 32. Ra7 Rc7 33. Ne5 Kd6 34. f4 Re7 35. Kd3 Kc7 36. Ke4 Kb6 37. Ra8 Kc7 38. Kd5 Kb6 39. Rc8 1-0

[Event "Bucharest Astral op"]
[Site "Bucharest"]
[Date "2001.04.25"]
[Round "5"]
[White "Szabo, Gergely Andras"]
[Black "Varaciuc, Vivian Nicolae"]
[Result "1-0"]
[WhiteElo "2398"]
[BlackElo "2240"]
[PlyCount "57"]
[EventDate "2001.04.22"]
[EventType "swiss"]
[EventRounds "9"]
[EventCountry "ROU"]
[SourceTitle "CBM 082 Extra"]
[Source "ChessBase"]
[SourceDate "2001.07.03"]
[SourceVersion "1"]
[SourceVersionDate "2001.07.03"]
[SourceQuality "1"]

1. e4 e6 2. d4 d5 3. Nc3 dxe4 4. Nxe4 Be7 5. Nf3 h6 6. Bd3 Nf6 7. 0-0 Nbd7 8. Nxf6+ Nxf6 9. Qe2 0-0 10. Bf4 b6 11. Rad1 Bb7 12. c4 Rc8 13. Bb1 Qe8 14. Be5 c5 15. dxc5 Rxc5 16. Bd4 Rh5 17. Ne5 Qc8 18. f4 Bc5 19. Nd7 Nxd7 20. Qxh5 Nf6 21. Qe2 Bxd4+ 22. Rxd4 Qc5 23. Rfd1 h5 24. Qe5 Qc6 25. R1d2 Ba8 26. Rd8 Nd5 27. Qb8 Qc5+ 28. Kh1 Nc7 29. Rxf8+ 1-0

[Event "Bucharest Astral op"]
[Site "Bucharest"]
[Date "2001.04.24"]
[Round "3"]
[White "Mateuta, Gabriel"]
[Black "Varaciuc, Vivian Nicolae"]
[Result "1-0"]
[WhiteElo "2416"]
[BlackElo "2240"]
[PlyCount "69"]
[EventDate "2001.04.22"]
[EventType "swiss"]
[EventRounds "9"]
[EventCountry "ROU"]
[SourceTitle "CBM 082 Extra"]
[Source "ChessBase"]
[SourceDate "2001.07.03"]
[SourceVersion "1"]
[SourceVersionDate "2001.07.03"]
[SourceQuality "1"]

1. c4 e6 2. g3 c5 3. Bg2 Nf6 4. Nf3 Be7 5. 0-0 0-0 6. Nc3 a6 7. b3 d5 8. cxd5 Nxd5 9. Nxd5 Qxd5 10. Bb2 Qh5 11. Ne5 f6 12. Nc4 Nd7 13. f4 Rb8 14. Qc2 Rd8 15. Rae1 b6 16. e4 Bb7 17. d3 Ba8 18. Ne3 b5 19. g4 Qe8 20. h4 Nf8 21. h5 Rbc8 22. Rd1 Qd7 23. Kh1 Qa7 24. Qe2 h6 25. g5 fxg5 26. f5 exf5 27. Nxf5 Ne6 28. Qg4 Rc6 29. Ne3 Rcd6 30. Nd5 Bf8 31. Be5 Nd4 32. Rxf8+ Kxf8 33. Bxd6+ Rxd6 34. Qc8+ Kf7 35. Rf1+ 1-0

[Event "Bucharest Astral op"]
[Site "Bucharest"]
[Date "2001.04.23"]
[Round "2"]
[White "Varaciuc, Vivian Nicolae"]
[Black "Sanduleac, Vasile"]
[Result "1-0"]
[WhiteElo "2240"]
[BlackElo "2457"]
[PlyCount "93"]
[EventDate "2001.04.22"]
[EventType "swiss"]
[EventRounds "9"]
[EventCountry "ROU"]
[SourceTitle "CBM 082 Extra"]
[Source "ChessBase"]
[SourceDate "2001.07.03"]
[SourceVersion "1"]
[SourceVersionDate "2001.07.03"]
[SourceQuality "1"]

1. b3 d5 2. Bb2 c6 3. e3 Nf6 4. h3 Bf5 5. d3 e6 6. Nd2 Bg6 7. g4 h5 8. g5 Nfd7 9. h4 c5 10. Ne2 Nc6 11. Nf4 Bd6 12. Nxg6 fxg6 13. Bxg7 Rg8 14. Bb2 Qe7 15. Qe2 Be5 16. Bxe5 Ndxe5 17. Bh3 Nb4 18. Kd1 Nbc6 19. d4 Nd7 20. c3 0-0-0 21. Kc2 Kb8 22. Kb2 e5 23. dxe5 Ndxe5 24. f4 Nf7 25. f5 gxf5 26. Bxf5 d4 27. Qh2+ Ka8 28. exd4 cxd4 29. c4 Nfe5 30. a3 Rgf8 31. Rhf1 a5 32. Qg3 a4 33. Rae1 axb3 34. Qxb3 Qc5 35. Ka2 Qa5 36. Rb1 Qxd2+ 37. Rb2 Nb4+ 38. axb4 Qe3 39. Qa4+ Kb8 40. b5 d3 41. b6 Nc6 42. Bd7 Qc5 43. Rxf8 Rxf8 44. Bxc6 Qxc6 45. Qa7+ Kc8 46. Qa8+ Kd7 47. Qxf8 1-0

[Event "ROM-ch sf"]
[Site "Sovata"]
[Date "2001.03.15"]
[Round "8"]
[White "Ciobanu, Viorel Adrian"]
[Black "Varaciuc, Vivian Nicolae"]
[Result "0-1"]
[WhiteElo "2261"]
[BlackElo "2247"]
[PlyCount "68"]
[EventDate "2001.03.10"]
[EventType "swiss"]
[EventRounds "11"]
[EventCountry "ROU"]
[SourceTitle "EXT 2008"]
[Source "ChessBase"]
[SourceDate "2007.11.25"]
[SourceVersion "1"]
[SourceVersionDate "2007.11.25"]
[SourceQuality "1"]

1. e4 e6 2. d4 d5 3. Nc3 Nf6 4. e5 Nfd7 5. Nce2 c5 6. c3 Nc6 7. f4 cxd4 8. cxd4 Bb4+ 9. Bd2 Be7 10. Nf3 f6 11. g3 0-0 12. Bg2 Qb6 13. Bc3 fxe5 14. fxe5 g5 15. h3 Kh8 16. Qb1 Rf5 17. g4 Rf7 18. h4 gxh4 19. g5 Nf8 20. Rxh4 Rg7 21. Nf4 Bxg5 22. Nxg5 Rxg5 23. Qc2 Ne7 24. Rh5 Rxh5 25. Nxh5 Nf5 26. Qd2 Qd8 27. 0-0-0 Bd7 28. Rh1 Be8 29. Nf6 Bg6 30. Qg5 Rc8 31. Qd2 Qa5 32. a3 Qa4 33. Rd1 Nxd4 34. Qf2 Nb3# 0-1

[Event "ROM-ch sf"]
[Site "Sovata"]
[Date "2001.03.13"]
[Round "5"]
[White "Varaciuc, Vivian Nicolae"]
[Black "Minescu, Dragos Olivar"]
[Result "0-1"]
[WhiteElo "2247"]
[BlackElo "2130"]
[PlyCount "96"]
[EventDate "2001.03.10"]
[EventType "swiss"]
[EventRounds "11"]
[EventCountry "ROU"]
[SourceTitle "EXT 2008"]
[Source "ChessBase"]
[SourceDate "2007.11.25"]
[SourceVersion "1"]
[SourceVersionDate "2007.11.25"]
[SourceQuality "1"]

1. b3 e5 2. Bb2 Nc6 3. e3 d5 4. Bb5 Bd6 5. Nf3 f6 6. d4 e4 7. Nfd2 a6 8. Be2 Nce7 9. c4 c6 10. Nc3 f5 11. f3 Nf6 12. g4 exf3 13. Bxf3 fxg4 14. Bg2 0-0 15. Qe2 Nf5 16. 0-0-0 Re8 17. Nf1 Bf4 18. Rd3 Nh4 19. Rg1 Bf5 20. Rd2 Nxg2 21. Rxg2 Bh6 22. Qf2 Bg6 23. Ba3 b5 24. cxd5 cxd5 25. Kb2 Rc8 26. Bc5 b4 27. Bxb4 Rxc3 28. Bxc3 Ne4 29. Qe1 Nxd2 30. Qxd2 Qd7 31. Qe2 Qf5 32. Qxa6 Qb1+ 33. Ka3 Bg5 34. Bb4 Qc1+ 35. Rb2 h5 36. Bc5 Kh7 37. Ng3 Rxe3 38. Ne2 Qf1 39. Bd6 Bd3 40. Qb7 Rxe2 41. Rxe2 Qxe2 42. Be5 Bh6 43. Qxd5 Qe4 44. Qxe4+ Bxe4 45. Kb4 Kg6 46. a4 Kf5 47. Kc5 h4 48. a5 Bf4 0-1

[Event "ROM-ch sf"]
[Site "Sovata"]
[Date "2001.03.11"]
[Round "2"]
[White "Manolache, Marius"]
[Black "Varaciuc, Vivian Nicolae"]
[Result "1-0"]
[WhiteElo "2418"]
[BlackElo "2247"]
[PlyCount "61"]
[EventDate "2001.03.10"]
[EventType "swiss"]
[EventRounds "11"]
[EventCountry "ROU"]
[SourceTitle "EXT 2008"]
[Source "ChessBase"]
[SourceDate "2007.11.25"]
[SourceVersion "1"]
[SourceVersionDate "2007.11.25"]
[SourceQuality "1"]

1. d4 e6 2. c4 Nf6 3. Nc3 a6 4. Nf3 c5 5. d5 b5 6. e4 b4 7. e5 bxc3 8. exf6 cxb2 9. Bxb2 gxf6 10. Qd2 Bg7 11. Bd3 0-0 12. 0-0 d6 13. Rfe1 f5 14. Bxg7 Kxg7 15. Rab1 e5 16. Rb6 a5 17. Nxe5 Qf6 18. Qb2 Na6 19. f4 Nb4 20. Re3 h6 21. Bb1 Ra6 22. Rb8 dxe5 23. fxe5 Qe7 24. Rg3+ Rg6 25. a3 Na6 26. Rbb3 Kh7 27. Rbf3 Rxg3 28. hxg3 Qg5 29. Qb6 Qc1+ 30. Kh2 Qxc4 31. Rxf5 1-0

[Event "Bucharest extra"]
[Site "Bucharest"]
[Date "2000.??.??"]
[Round "15"]
[White "Petre, Nad Titus"]
[Black "Varaciuc, Vivian Nicolae"]
[Result "1/2-1/2"]
[WhiteElo "2307"]
[BlackElo "2241"]
[PlyCount "83"]
[EventDate "2000.03.??"]
[EventType "swiss"]
[EventRounds "4"]
[EventCountry "ROU"]
[SourceTitle "EXT 2001"]
[Source "ChessBase"]
[SourceDate "2000.11.22"]
[SourceVersion "1"]
[SourceVersionDate "2000.11.22"]
[SourceQuality "1"]

1. d4 e6 2. c4 c5 3. d5 exd5 4. cxd5 d6 5. Nc3 g6 6. Nf3 Bg7 7. h3 Nf6 8. Bg5 0-0 9. e3 a6 10. a4 h6 11. Bh4 g5 12. Bg3 Nh5 13. Bh2 f5 14. Nd2 Nf6 15. Bd3 Ne8 16. Nc4 Qc7 17. 0-0 Nd7 18. f4 gxf4 19. exf4 Rb8 20. Kh1 Ndf6 21. a5 Qf7 22. Ne3 Nh7 23. Qc2 Bd4 24. Nc4 Kh8 25. Ne2 Bg7 26. Nb6 Nc7 27. Nc3 Qh5 28. Rae1 Rf7 29. Ne2 Nf8 30. Ng3 Qh4 31. Nxc8 Rxc8 32. Bxf5 Rb8 33. Be6 Nfxe6 34. dxe6 Rxf4 35. Rxf4 Qxf4 36. Nf5 Qb4 37. Bxd6 Qxe1+ 38. Kh2 Rc8 39. Qxc5 Qxe6 40. Nxg7 Kxg7 41. Bxc7 Kh7 42. Qe5 1/2-1/2

[Event "ROM-ch sf"]
[Site "Baile Tusnad"]
[Date "2000.??.??"]
[Round "10"]
[White "Varaciuc, Vivian Nicolae"]
[Black "Dumitrache, Dragos Nicolae"]
[Result "0-1"]
[WhiteElo "2241"]
[BlackElo "2420"]
[PlyCount "72"]
[EventDate "2000.05.??"]
[EventType "swiss"]
[EventRounds "11"]
[EventCountry "ROU"]
[SourceTitle "EXT 2001"]
[Source "ChessBase"]
[SourceDate "2000.11.22"]
[SourceVersion "1"]
[SourceVersionDate "2000.11.22"]
[SourceQuality "1"]

1. b3 d5 2. Bb2 Bf5 3. e3 e6 4. g4 Be4 5. Nf3 h5 6. gxh5 Nf6 7. d3 Bf5 8. Nbd2 Nbd7 9. Qe2 Bg4 10. h3 Bxh5 11. e4 c6 12. 0-0-0 Qa5 13. Kb1 0-0-0 14. e5 Ng8 15. Bg2 Ne7 16. Nf1 Ng6 17. Ng3 Nf4 18. Qf1 Qc7 19. Re1 Bb4 20. Nxh5 Rxh5 21. c3 Be7 22. d4 c5 23. Bc1 Nxg2 24. Qxg2 g6 25. Bg5 Nb8 26. Bxe7 Qxe7 27. h4 cxd4 28. cxd4 Rdh8 29. Qg4 Rf5 30. Rc1+ Nc6 31. Kb2 Kb8 32. Rc3 Qf8 33. a3 Qh6 34. Rd1 Rf4 35. Qg3 Ne7 36. Qg2 Nf5 0-1

[Event "ROM-ch sf"]
[Site "Baile Tusnad"]
[Date "2000.??.??"]
[Round "6"]
[White "Varaciuc, Vivian Nicolae"]
[Black "Taras, Iulian Ioan"]
[Result "1-0"]
[WhiteElo "2241"]
[BlackElo "2075"]
[PlyCount "131"]
[EventDate "2000.05.??"]
[EventType "swiss"]
[EventRounds "11"]
[EventCountry "ROU"]
[SourceTitle "EXT 2001"]
[Source "ChessBase"]
[SourceDate "2000.11.22"]
[SourceVersion "1"]
[SourceVersionDate "2000.11.22"]
[SourceQuality "1"]

1. b3 d5 2. Bb2 c5 3. Nf3 Nc6 4. d4 Bg4 5. dxc5 e6 6. e3 Nf6 7. a3 Bxc5 8. Be2 0-0 9. 0-0 Qe7 10. Nbd2 Rad8 11. h3 Bh5 12. Ne5 Bxe2 13. Qxe2 Nxe5 14. Bxe5 Bxa3 15. c4 Bc5 16. Rfb1 a6 17. Bxf6 Qxf6 18. cxd5 exd5 19. b4 Bxb4 20. Nb3 Rfe8 21. Ra4 Re4 22. Qa2 Qg6 23. Nd4 a5 24. Rxa5 Bxa5 25. Qxa5 Rde8 26. Rxb7 Qg5 27. Nf3 Qd8 28. Qa2 Qd6 29. Qb2 h6 30. Rb3 Qc7 31. Rb7 Qd6 32. Rb6 Qd7 33. Rb7 Qf5 34. Qb5 R4e7 35. Rb6 Qd7 36. Qb2 Rc8 37. Nd4 Re4 38. Rb7 Rc1+ 39. Kh2 Rc7 40. Rb6 Re7 41. g4 g6 42. Rb8+ Rc8 43. Rb5 Qd6+ 44. Kg2 Qe5 45. Qa2 Qe4+ 46. Kg3 Qe5+ 47. Kg2 Rd7 48. Nf3 Qe4 49. Qb2 Kh7 50. Qf6 Qe6 51. Qh4 Kg7 52. g5 h5 53. Qd4+ Kh7 54. Ne5 Re7 55. Rxd5 f6 56. Nf3 f5 57. Ne5 Rcc7 58. f4 Qa6 59. Qd1 Qa2+ 60. Rd2 Qa8+ 61. Qf3 Qxf3+ 62. Kxf3 Re6 63. Rd3 Ra6 64. Nd7 Kg7 65. Nf6 Ra2 66. Ne8+ 1-0

[Event "Centrocoop June op-A"]
[Site "Eforie Nord"]
[Date "1999.06.??"]
[Round "?"]
[White "Grigore, Mitica"]
[Black "Varaciuc, Vivian Nicolae"]
[Result "1/2-1/2"]
[WhiteElo "2057"]
[BlackElo "2219"]
[PlyCount "40"]
[EventDate "1999.06.??"]
[EventType "swiss"]
[EventRounds "11"]
[EventCountry "ROU"]
[SourceTitle "EXT 2004"]
[Source "ChessBase"]
[SourceDate "2003.11.25"]
[SourceVersion "1"]
[SourceVersionDate "2003.11.25"]
[SourceQuality "1"]

1. Nf3 b6 2. g3 Bb7 3. d4 e6 4. Bg2 Be7 5. 0-0 h5 6. c4 h4 7. Nxh4 Bxg2 8. Nxg2 d5 9. Nc3 c6 10. cxd5 exd5 11. e4 Qd7 12. h4 dxe4 13. Nxe4 Na6 14. Qe2 Nc7 15. Bf4 0-0-0 16. Rfc1 Kb7 17. a4 a5 18. Rxc6 Qxc6 19. Rc1 Qxc1+ 20. Bxc1 Rxd4 1/2-1/2

[Event "Centrocoop June op-A"]
[Site "Eforie Nord"]
[Date "1999.06.??"]
[Round "?"]
[White "Varaciuc, Vivian Nicolae"]
[Black "Moraru, Marius"]
[Result "0-1"]
[WhiteElo "2219"]
[BlackElo "2408"]
[PlyCount "72"]
[EventDate "1999.06.??"]
[EventType "swiss"]
[EventRounds "11"]
[EventCountry "ROU"]
[SourceTitle "EXT 2004"]
[Source "ChessBase"]
[SourceDate "2003.11.25"]
[SourceVersion "1"]
[SourceVersionDate "2003.11.25"]
[SourceQuality "1"]

1. g3 Nf6 2. Bg2 g6 3. e4 d6 4. d3 Bg7 5. Nf3 c5 6. h3 Nc6 7. 0-0 0-0 8. Nc3 Rb8 9. Re1 e5 10. Bg5 h6 11. Be3 Nd4 12. Nh2 b5 13. Qd2 b4 14. Nd1 Qa5 15. a4 Kh7 16. b3 Nh5 17. Nb2 f5 18. Nc4 Qd8 19. exf5 gxf5 20. Qd1 Nf6 21. f4 e4 22. g4 Nd5 23. g5 Nc3 24. Qd2 hxg5 25. dxe4 fxe4 26. Kh1 d5 27. Ne5 Qd6 28. Rg1 Nf5 29. Nef3 exf3 30. Bxf3 Nxe3 31. Qxe3 gxf4 32. Rxg7+ Kxg7 33. Rg1+ Kh7 34. Qf2 Qh6 35. h4 Bf5 36. h5 Be4 0-1

[Event "ROM-ch sf"]
[Site "Baile Tusnad"]
[Date "1999.??.??"]
[Round "6"]
[White "Rat, Dan Ovidiu"]
[Black "Varaciuc, Vivian Nicolae"]
[Result "0-1"]
[WhiteElo "2334"]
[BlackElo "2219"]
[PlyCount "57"]
[EventDate "1999.09.??"]
[EventType "swiss"]
[EventRounds "9"]
[EventCountry "ROU"]
[SourceTitle "EXT 2000"]
[Source "ChessBase"]
[SourceDate "1999.11.16"]
[SourceVersion "1"]
[SourceVersionDate "1999.11.16"]
[SourceQuality "1"]

1. d4 e6 2. c4 c5 3. d5 exd5 4. cxd5 d6 5. Nc3 a6 6. a4 g6 7. Bf4 g5 8. Bc1 h6 9. e4 Bg7 10. Nf3 Nd7 11. Be2 Ne7 12. 0-0 Ng6 13. Ne1 0-0 14. g3 f5 15. exf5 Rxf5 16. Ng2 Rf8 17. Ra3 Nf6 18. f4 gxf4 19. Nxf4 Nxf4 20. Bxf4 Bh3 21. Re1 Qd7 22. Qd2 Ng4 23. Nd1 Bd4+ 24. Kh1 Rae8 25. Rd3 Ne5 26. Re3 Qf7 27. Nc3 Bxe3 28. Qxe3 Qg6 29. Bd3 0-1

[Event "ROM-ch sf"]
[Site "Baile Tusnad"]
[Date "1999.??.??"]
[Round "7"]
[White "Varaciuc, Vivian Nicolae"]
[Black "Negulescu, Adrian"]
[Result "0-1"]
[WhiteElo "2219"]
[BlackElo "2440"]
[PlyCount "42"]
[EventDate "1999.09.??"]
[EventType "swiss"]
[EventRounds "9"]
[EventCountry "ROU"]
[SourceTitle "EXT 2000"]
[Source "ChessBase"]
[SourceDate "1999.11.16"]
[SourceVersion "1"]
[SourceVersionDate "1999.11.16"]
[SourceQuality "1"]

1. g3 d5 2. Bg2 c6 3. Nf3 Bg4 4. Ne5 Bf5 5. 0-0 Nd7 6. Nf3 e5 7. d3 Ngf6 8. Nbd2 h6 9. e4 dxe4 10. dxe4 Be6 11. h3 Qc7 12. Qe2 Nb6 13. b3 Bc5 14. Bb2 Nfd7 15. Nxe5 Nxe5 16. Kh2 f6 17. f4 Nf7 18. Qh5 0-0-0 19. Qxc5 Rxd2 20. f5 Bd7 21. Qe7 Be8 0-1

[Event "ROM-chT"]
[Site "Calarasi"]
[Date "1995.??.??"]
[Round "?"]
[White "Nisipeanu, Liviu Dieter"]
[Black "Varaciuc, Vivian Nicolae"]
[Result "1-0"]
[WhiteElo "2420"]
[BlackElo "2235"]
[PlyCount "64"]
[EventDate "1995.??.??"]
[EventType "team"]
[EventRounds "9"]
[EventCountry "ROU"]
[SourceTitle "EXT 1999"]
[Source "ChessBase"]
[SourceDate "1998.11.16"]
[SourceVersion "1"]
[SourceVersionDate "1998.11.16"]
[SourceQuality "1"]

1. e4 e6 2. d4 d5 3. Nd2 dxe4 4. Nxe4 Be7 5. Nf3 Nf6 6. Bd3 Nbd7 7. Qe2 Nxe4 8. Bxe4 Nf6 9. Bxb7 Bxb7 10. Qb5+ Qd7 11. Qxb7 0-0 12. 0-0 Rab8 13. Qa6 Rb6 14. Qe2 Qd5 15. c4 Qb7 16. b3 a5 17. Be3 Ra6 18. Rab1 Ne4 19. Qc2 f5 20. Ne5 Bb4 21. f3 Nf6 22. Bf2 Bd6 23. Rfe1 Qc8 24. Nd3 Re8 25. Re2 Qd7 26. Rbe1 Bf8 27. Qc3 Qf7 28. Re5 Bb4 29. Nxb4 axb4 30. Qxb4 Rxa2 31. d5 Raa8 32. dxe6 Qg6 1-0